00329nam a2200121Ia 4500008004100000040001600041041001200057082001500069100002200084245005800106260002800164300001500192230917s9999||||xx |||||||||||||| ||und|| e46573aMAIN aEnglish a821.8 Y34S aSteinman, Michael 0aYeats heroic figures: Wilde, Parnell, Swift, Casement aLondonbMacmillanc1983 aix, 197 p.